Au Nord ou au Sud de Paris? (Niveau Moyen) - Statistiques

Statistiques générales
  • Ce quiz a été pris 259 fois
  • Le résultat moyen est 17 sur 20
Statistiques - réponses
Question Réponse % Correct
Arras Nord
100%
Dieppe Nord
100%
Dunkerque Nord
100%
Aix-en-Provence Sud
100%
Angoulême Sud
100%
Auxerre Sud
100%
Carcassonne Sud
100%
Lens Nord
86%
Verdun Nord
86%
Cherbourg Nord
86%
Villeurbanne Sud
86%
La Rochelle Sud
86%
Lorient Sud
86%
Dijon Sud
86%
Chartres Sud
86%
Valenciennes Nord
71%
Rennes Sud
57%
Strasbourg Sud
57%
Brest Sud
57%
Évreux Nord
43%
Aucun quiz correspondant
Distribution des résultats
% des personnes avec chaque résultat
Percentile par nombre de réponses
Votre historique - résultats
Vous n’avez pas pris ce quiz